000 00578nam a2200193Ia 4500
005 20221228110417.0
008 210716s2011 xx 000 0 und d
020 _a9788131214626
040 _cAIMIT LIBRARY
041 _aeng
082 _a005.131
_24
_bROSS
100 _aRoss, Sheldon M.
_967076
245 _aSimulation /
_cBy Sheldon M. Ross.
_bBy Sheldon M. Ross.
250 _a4th ed.
260 _aNew Delhi :
_bAcademic Press ,
_c2011.
300 _axiii,298p. ;
_bPB
_c22.7 cm
650 _aSystem Analysis & Design
_967077
942 _2ddc
_cBK
_e4th ed.
_k005.131 ROSS
999 _c189121
_d189121